• 首页
  • 本馆介绍
  • 公告通知
  • 最新文献
  • 馆藏检索
  • 电子资源
  • 读者导购
  • 参考咨询
  • 我的图书馆
  • 登录
  • 详细信息显示
  • 放入我的书架
  • 预约/预借图书
  • 作者相关作品
  • 分类相关作品
  • 丛书相关作品
  • 出版社相关作品

书目信息

  • 表格格式
  • 工作单格式
  • 卡片格式
题名:
新日语能力测试模拟考场
    
 
作者: 张红云 总主编 ;蔡晶纯 , 秦宇庆 , 潘月秋 册主编
分册:  
出版信息: 大连   大连理工大学出版社  2014
页数: 175页
开本: 26cm
丛书名:
单 册:
中图分类: H360.41-44
科图分类:
主题词: 日语--水平考试--习题集
电子资源:
ISBN: 978-7-5611-9103-3
000 00930nam0 2200265 450
001 0103253135
005 20141102144010.0
010    @a978-7-5611-9103-3@dCNY35.00
100    @a20140913d2014 em y0chiy0120 ea
101 0  @achi@ajpn
102    @aCN@b210000
105    @ay q 000yy
106    @ar
200 1  @a新日语能力测试模拟考场@9Xin Ri Yu Neng Li Ce Shi Mo;Mu Ni Kao Chang @f张红云总主编@g蔡晶纯,秦宇庆,潘月秋本册主编@b专著
210    @a大连@c大连理工大学出版社@d2014
215    @a175页@d26cm@e1听解原文(127页;21cm)
330    @a本书参考新日本语能力测试N1的题型,设计了8套全真模拟试题,听力部分配有录音。
606 0  @a日语@x水平考试@j习题集
690    @aH360.41-44@v5
701  0 @a张红云@4总主编@9zhang hong yun
702  0 @a蔡晶纯@4册主编@9cai jing chun
702  0 @a秦宇庆@4册主编@9qin yu qing
702  0 @a潘月秋@4册主编@9pan yue qiu
801  0 @aCN@bAZmarc@c20230902
905    @aBZT@dH360@e2@f5@sH360/2
    
    新日语能力测试模拟考场/张红云总主编/蔡晶纯,秦宇庆,潘月秋本册主编.-大连:大连理工大学出版社,2014
    175页;26cm+1听解原文(127页;21cm)
    
    
    ISBN 978-7-5611-9103-3:CNY35.00
    本书参考新日本语能力测试N1的题型,设计了8套全真模拟试题,听力部分配有录音。
●
相关链接 在五车中查询图书 在当当中查询图书 在豆瓣中查询图书


正题名:新日语能力测试模拟考场     索取号:H360/2         预约/预借

序号 登录号 条形码 馆藏地/架位号 状态 备注
1 2000005251   2000005251   旧书回溯/ [索取号:H360/2] 在馆    
2 2000005252   2000005252   旧书回溯/ [索取号:H360/2] 在馆    
3 2000005253   2000005253   旧书回溯/ [索取号:H360/2] 在馆    
4 2000005254   2000005254   旧书回溯/ [索取号:H360/2] 在馆    
5 2000005255   2000005255   旧书回溯/ [索取号:H360/2] 在馆    
山东省滨州职业学院图书馆 欢迎您!
大连网信软件有限公司© 版权所有